| Поле | Инд. | ПП | Название | Значение |
|---|---|---|---|---|
| Тип записи | a | |||
| Библиографический уровень | m | |||
| 001 | Контрольный номер | RU/LIBMSTU/260013286 | ||
| 005 | Дата корректировки | 20200428145808.4 | ||
| 020 | 00 | a | ISBN | 5-8243-0438-6 |
| c | Цена, тираж | 160-16 | ||
| 084 | a | Индекс другой классификации/Индекс ББК | 68+67.401.13 | |
| 090 | 00 | a | Полочн. индекс | 68 |
| x | Авторский знак | К 59 | ||
| 100 | 10 | a | Автор | Кокошин А. А. |
| 245 | 00 | a | Заглавие | Стратегическое управление: Теория, исторический опыт, сравнительный анализ, задачи для России |
| c | Ответственность | МГИМО | ||
| 260 | 00 | a | Место издания | Москва |
| b | Издательство | Изд-во МГИМО: РОССПЭН | ||
| c | Дата издания | 2003 | ||
| 300 | 00 | a | Объем | 528 с. |
| 650 | _4 | a | Основная рубрика | Государственное управление вооруженными силами; Стратегическое управление |
| 653 | 00 | a | Ключевые слова | Внешняя разведка |
| a | Ключевые слова | Военная стратегия | ||
| a | Ключевые слова | Войны | ||
| a | Ключевые слова | Вооруженные силы | ||
| a | Ключевые слова | Генштаб | ||
| a | Ключевые слова | Министерство обороны | ||
| a | Ключевые слова | Обороноспособность | ||
| a | Ключевые слова | Управление стратегическое | ||
| 901 | t | Тип документа | m | |
| 990 | 00 | f | Даты поступлений (DOS) | 11.03 |